[Event "Ice Chess"]
[Site "Moscow/London (Russia/England"]
[Date "2007.01.11"]
[Round "1"]
[White "Karpov Anatoly (RUS)"]
[Black "Short Nigel D (ENG)"]
[Result "1/2-1/2"]
[WhiteElo "2668"]
[BlackElo "2691"]
[PlyCount "73"]
[EventDate "2007.??.??"]
[Source "www.chesslib.no"]
[SourceDate "2004.05.04"]

1. e4 e5 2. Nf3 Nc6 3. Bc4 Nf6 4. Ng5 Bc5 5. Bxf7+ Ke7 6. Bd5 d6 7. O-O Bg4 8. Qe1 Nxd5 9. exd5 Nd4 10. c3 Ne2+ 11. Kh1 h6 12. Ne4 Bb6 13. f3 Nxc1 14. fxg4 Nd3 15. Qg3 Nf4 16. d4 g5 17. Nbd2 Qg8 18. dxe5 dxe5 19. c4 Bd4 20. Qb3 Qg6 21. Qxb7 Qb6 22. d6+ Kd7 23. Qxc7+ Qxc7 24. dxc7 Kxc7 25. Rab1 Rhf8 26. Nf3 Rad8 27. b4 Ne2 28. c5 Rf4 29. Nd6 Rxg4 30. Nxd4 exd4 31. Rf7+ Kc6 32. Rxa7 d3 33. Ra3 Rd4 34. b5+ Kd5 35. Rd1 d2 36. Nf5 Kxc5 37. Nxd4 1/2-1/2

[Event "Arnold Cup"]
[Site "Gausdal NOR"]
[Date "1991.??.??"]
[Round "1"]
[White "Efimov, Igor"]
[Black "Shirov, Alexei D"]
[Result "0-1"]
[WhiteElo "2470"]
[BlackElo "2615"]
[PlyCount "30"]
[EventDate "1991.04.??"]
[Source "www.chesslib.no"]
[SourceDate "2004.05.04"]

1. e4 e5 2. Nf3 Nc6 3. Bc4 Nf6 4. Ng5 Bc5 5. Bxf7+ Ke7 6. Bd5 Rf8 7. Rf1 Qe8 8. Nc3 d6 9. h3 Qg6 10. d3 h6 11. Nf3 Qxg2 12. Nh4 Bxf2+ 13. Rxf2 Qg1+ 14. Rf1 Qg3+ 15. Kd2 Qg5+ 0-1

[Event "Nationale I Jeune, Clichy"]
[Site "Clichy"]
[Date "1998.??.??"]
[Round "?"]
[White "Mege_Rustici, Alexandre"]
[Black "Pays, Jorma"]
[Result "1-0"]
[WhiteElo "2510"]
[BlackElo "2520"]
[PlyCount "41"]
[EventDate "1998.??.??"]
[Source "www.chesslib.no"]
[SourceDate "2004.05.04"]

1. e4 e5 2. Nf3 Nc6 3. Bc4 Nf6 4. Ng5 Bc5 5. Nxf7 Bxf2+ 6. Kxf2 Nxe4+ 7. Ke1 Qh4+ 8. g3 Nxg3 9. hxg3 Qxh1+ 10. Bf1 Rf8 11. Nc3 Rxf7 12. Qe2 Nd4 13. Qxe5+ Re7 14. Qxe7+ Kxe7 15. Nd5+ Qxd5 16. Rb1 Qe4+ 17. Kd1 Qxc2+ 18. Ke1 Qxb1 19. Kf2 d6 20. d3 Bd7 21. Bg5+ 1-0

[Event "Groningen (open)"]
[Site "?"]
[Date "1995.??.??"]
[Round "?"]
[White "Howell, J."]
[Black "David, Al"]
[Result "1-0"]
[WhiteElo "2525"]
[BlackElo "2465"]
[PlyCount "51"]
[EventDate "1995.??.??"]
[Source "ChessBase"]
[SourceDate "1996.02.01"]

1. e4 e5 2. Nf3 Nc6 3. Bc4 Nf6 4. Ng5 Bc5 5. Bxf7+ Ke7 6. Bb3 Qe8 7. O-O Rf8 8. Nc3 d6 9. Nd5+ Kd8 10. c3 h6 11. d4 exd4 12. Nxf6 Rxf6 13. e5 Rf5 14. Nf3 Nxe5 15. Nxd4 Rf6 16. Be3 Ng4 17. Re1 Nxe3 18. Rxe3 Qf8 19. Qe2 c6 20. Re1 Bd7 21. Be6 Bxd4 22. cxd4 Bxe6 23. Rxe6 Rxe6 24. Qxe6 Rc8 25. Re3 Kc7 26. Rf3 1-0

[Event "Olomouc Valoz Cup"]
[Site "Olomouc"]
[Date "2001.08.05"]
[Round "5"]
[White "Sergeev, Vladimir"]
[Black "Simacek, Pavel"]
[Result "1/2-1/2"]
[WhiteElo "2498"]
[BlackElo "2404"]
[PlyCount "120"]
[EventDate "2001.08.02"]
[Source "ChessBase"]
[SourceDate "2001.09.11"]

1. e4 e5 2. Nf3 Nc6 3. Bc4 Nf6 4. Ng5 Bc5 5. Bxf7+ Ke7 6. d4 Bxd4 7. Bd5 d6 8. Nf3 Bb6 9. Bg5 Qe8 10. Nh4 Rf8 11. Nf5+ Bxf5 12. exf5 h6 13. Bxf6+ Rxf6 14. Be4 Nd4 15. Qd3 Qf7 16. c3 Nxf5 17. Bxb7 Rb8 18. Bd5 Bxf2+ 19. Kxf2 Nd4+ 20. Kg1 Qxd5 21. cxd4 Rxb2 22. Nd2 c5 23. h4 Qxd4+ 24. Qxd4 cxd4 25. Rd1 d5 26. Rh3 Rxa2 27. Rg3 e4 28. Nxe4 dxe4 29. Rxd4 Rf4 30. Rxg7+ Kf6 31. Rdd7 Rxh4 32. Rxa7 Rxa7 33. Rxa7 Rf4 34. g3 Rf3 35. Kg2 h5 36. Ra8 Rd3 37. Kf2 Ke5 38. Re8+ Kd4 39. Rh8 Rf3+ 40. Ke2 Rf5 41. Rd8+ Rd5 42. Re8 Rg5 43. Rd8+ Ke5 44. Re8+ Kf5 45. Kf2 Rg6 46. Rf8+ Rf6 47. Rg8 Ke5+ 48. Ke2 Rd6 49. Rg5+ Kd4 50. Rg8 Rd7 51. Ra8 Rc7 52. Rd8+ Ke5 53. Re8+ Kf5 54. Rf8+ Kg4 55. Rg8+ Kf5 56. Rf8+ Ke6 57. Re8+ Re7 58. Rh8 Kd5 59. Rxh5+ Kd4 60. Ra5 Rc7 1/2-1/2

[Event "It (open)"]
[Site "La Fere (France)"]
[Date "2007.07.08"]
[Round "2"]
[White "Ninov Nikolai (BUL)"]
[Black "Goldsztejn Gildas (FRA)"]
[Result "0-1"]
[WhiteElo "2536"]
[BlackElo "2339"]
[PlyCount "118"]
[EventDate "2007.??.??"]
[Source "www.chesslib.no"]
[SourceDate "2004.05.04"]

1. e4 e5 2. Nf3 Nc6 3. Bc4 Nf6 4. Ng5 Bc5 5. d4 Bxd4 6. c3 Bb6 7. Nxf7 Qe7 8. Nxh8 Bxf2+ 9. Kd2 d5 10. Bxd5 Bg4 11. Bf7+ Kf8 12. Qf1 Nxe4+ 13. Kc2 Bf5 14. g4 Ng3+ 15. gxf5 Nxf1 16. Rxf1 Qh4 17. Nd2 e4 18. Nc4 e3 19. Bxe3 Bxe3 20. a4 Bf2 21. Be6 Nd8 22. Ne5 Qe4+ 23. Nd3 Qe2+ 24. Kb3 Qxd3 25. Rxf2 Nxe6 26. fxe6+ Kg8 27. e7 Qe3 28. Rf7 Qe6+ 29. c4 Qxf7 30. Nxf7 Kxf7 31. a5 Re8 32. a6 b6 33. Kb4 Rxe7 34. Rd1 Ke8 35. Kb5 Re6 36. b4 c6+ 37. Ka4 Ke7 38. Rd3 Re2 39. Rh3 h6 40. Rg3 Kf7 41. Rd3 Ke7 42. Rg3 g5 43. h4 Kf6 44. hxg5+ hxg5 45. Rf3+ Kg6 46. Rd3 g4 47. Rd6+ Kf5 48. Rxc6 g3 49. Rd6 g2 50. Rd1 Kf4 51. c5 bxc5 52. bxc5 Rf2 53. Rg1 Kf3 54. Kb5 Ra2 55. Rc1 Kf2 56. c6 g1=Q 57. Rxg1 Kxg1 58. Kc5 Rxa6 59. c7 Ra1 0-1

[Event "Groningen Young Masters"]
[Site "Groningen"]
[Date "1999.12.29"]
[Round "10"]
[White "Horvath, Adam"]
[Black "Bokros, Albert"]
[Result "1/2-1/2"]
[WhiteElo "2412"]
[BlackElo "2405"]
[PlyCount "61"]
[EventDate "1999.12.19"]
[Source "ChessBase"]
[SourceDate "2000.01.11"]

1. e4 e5 2. Nf3 Nc6 3. Bc4 Nf6 4. Ng5 Bc5 5. Nxf7 Bxf2+ 6. Kxf2 Nxe4+ 7. Kg1 Qh4 8. g3 Nxg3 9. hxg3 Qxg3+ 10. Kf1 Rf8 11. Qh5 d5 12. Bxd5 Nd4 13. Qh2 Qg4 14. Qxe5+ Be6 15. Bxe6 Qf3+ 16. Kg1 Ne2+ 17. Kh2 Qf2+ 18. Kh3 Qf3+ 19. Kh2 Qf2+ 20. Kh3 Qf3+ 21. Kh4 Qf2+ 22. Kh5 Rxf7 23. Bxf7+ Kxf7 24. Rh2 Qf3+ 25. Kh4 g5+ 26. Qxg5 Rg8 27. Qh5+ Qxh5+ 28. Kxh5 Ng3+ 29. Kh4 Nf5+ 30. Kh5 Ng3+ 31. Kh4 1/2-1/2

[Event "Lugano Open"]
[Site "Lugano SUI"]
[Date "1989.??.??"]
[Round "1"]
[White "Gikas, Basilius"]
[Black "Wedberg, Tom"]
[Result "0-1"]
[WhiteElo "2295"]
[BlackElo "2510"]
[PlyCount "72"]
[EventDate "1989.03.??"]
[Source "www.chesslib.no"]
[SourceDate "2004.05.04"]

1. e4 e5 2. Nf3 Nc6 3. Bc4 Nf6 4. Ng5 Bc5 5. Bxf7+ Ke7 6. Bd5 Qe8 7. c3 d6 8. d3 Rf8 9. Nf3 Qg6 10. Bg5 Bg4 11. Nbd2 Qxg5 12. Nxg5 Bxd1 13. Rxd1 Ng4 14. Ne6 Nxf2 15. Nxf8 Rxf8 16. Nf3 Nxh1 17. d4 exd4 18. cxd4 Nf2 19. Kxf2 Nxd4 20. Kg3 Ne2+ 21. Kh3 Bf2 22. g3 Rxf3 23. Kg2 Rf6 24. Rd2 c6 25. Bc4 Nd4 26. Rxf2 Rxf2+ 27. Kxf2 Kf6 28. Ke3 Ke5 29. Bd3 a5 30. a3 b5 31. Bb1 Ne6 32. Bd3 Nc5 33. Bb1 Na4 34. b4 axb4 35. axb4 Nc3 36. Bc2 Na2 0-1

[Event "Bergsjo"]
[Site "Bergsjo"]
[Date "1981.??.??"]
[Round "?"]
[White "Lee, Graham D"]
[Black "Wibe, Terje Paul"]
[Result "1-0"]
[WhiteElo "2390"]
[BlackElo "2405"]
[PlyCount "41"]
[EventDate "1981.??.??"]
[Source "www.chesslib.no"]
[SourceDate "2004.05.04"]

1. e4 e5 2. Nf3 Nc6 3. Bc4 Nf6 4. Ng5 Bc5 5. Bxf7+ Ke7 6. Bd5 Rf8 7. Nf3 Nd4 8. Nxd4 Bxd4 9. O-O d6 10. c3 Bg4 11. Qe1 Bb6 12. d4 c6 13. dxe5 dxe5 14. Bc4 Qe8 15. Be3 Qg6 16. Bxb6 Bf3 17. Bc5+ Ke8 18. g3 Ng4 19. Bxf8 Nxh2 20. Qe3 Kd7 21. Qd3+ 1-0

[Event "corr"]
[Site "?"]
[Date "1995.??.??"]
[Round "?"]
[White "Belov, I."]
[Black "Pankratov, A."]
[Result "0-1"]
[WhiteElo "2430"]
[BlackElo "2330"]
[PlyCount "64"]
[EventDate "1995.??.??"]
[Source "ChessBase"]
[SourceDate "1995.02.01"]

1. e4 e5 2. Nf3 Nc6 3. Bc4 Nf6 4. Ng5 Bc5 5. Nxf7 Bxf2+ 6. Kf1 Qe7 7. Nxh8 d5 8. exd5 Nd4 9. d6 Qxd6 10. Nf7 Qc5 11. d3 e4 12. c3 Bh4 13. Be3 Bg4 14. Qa4+ Bd7 15. Nd6+ cxd6 16. Bf7+ Kxf7 17. Qxd4 Qf5+ 18. Kg1 Qg6 19. Bf2 Bg5 20. Na3 Bc6 21. Nc4 exd3 22. Bg3 Kg8 23. Rd1 b5 24. Nxd6 Ng4 25. Rxd3 Bd8 26. c4 Bb6 27. c5 Bxc5 28. Qxc5 Qxd3 29. Qc3 Qd1+ 30. Qe1 Qd4+ 31. Kf1 Rf8+ 32. Ke2 Bxg2 0-1

[Event "BCF Ch"]
[Site "Morecambe"]
[Date "1981.08.04"]
[Round "2"]
[White "Lee, Graham D"]
[Black "Rumens, David E"]
[Result "0-1"]
[WhiteElo "2390"]
[BlackElo "2355"]
[PlyCount "128"]
[EventDate "1981.08.03"]
[Source "www.chesslib.no"]
[SourceDate "2004.05.04"]

1. e4 e5 2. Nf3 Nc6 3. Bc4 Nf6 4. Ng5 Bc5 5. Bxf7+ Ke7 6. Bd5 d6 7. c3 Qe8 8. d4 exd4 9. Bxc6 Qxc6 10. cxd4 Bxd4 11. O-O Bb6 12. Nc3 Bg4 13. Qb3 Raf8 14. Nd5+ Kd7 15. Be3 Bxe3 16. Nxe3 h6 17. e5 hxg5 18. exf6 Be6 19. Qa3 Rxf6 20. Rac1 Qb6 21. Qa4+ Kc8 22. Rc3 Rf4 23. Qc2 d5 24. Rc1 Rf7 25. Rc5 Qd6 26. Nf1 Kb8 27. Ng3 Rhf8 28. Qg6 g4 29. R5c2 Qb6 30. Rf1 d4 31. b4 Rd7 32. Re2 Bf7 33. Qxg7 Qxb4 34. Qxg4 Qd6 35. Ne4 Be6 36. Qg6 Qa6 37. Rfe1 Rg8 38. Qxg8+ Bxg8 39. Nc5 Qxe2 40. Nxd7+ Kc8 41. Rxe2 Kxd7 42. h4 c5 43. Rd2 Ke6 44. g4 Ke5 45. f3 c4 46. Kf2 c3 47. Re2+ Kf6 48. Ke1 b5 49. h5 d3 50. Re3 d2+ 51. Kd1 b4 52. Rd3 Bxa2 53. Rd6+ Kg5 54. f4+ Kxg4 55. h6 Bb3+ 56. Ke2 Bc4+ 57. Kd1 Bb3+ 58. Ke2 Bc2 59. f5 Bxf5 60. Rd4+ Kg3 61. Rxb4 Bd3+ 62. Kd1 Kf3 63. Re4 Kxe4 64. h7 Ke3 0-1

[Event "Ch Moscow"]
[Site "Moscow RUS"]
[Date "1982.??.??"]
[Round "?"]
[White "Kuzmin, Alexey"]
[Black "Smagin, Sergey B"]
[Result "1/2-1/2"]
[WhiteElo "2365"]
[BlackElo "2365"]
[PlyCount "59"]
[EventDate "1982.??.??"]
[Source "www.chesslib.no"]
[SourceDate "2004.05.04"]

1. e4 e5 2. Nf3 Nc6 3. Bc4 Nf6 4. Ng5 Bc5 5. Bxf7+ Ke7 6. Bb3 Rf8 7. O-O d6 8. h3 Qe8 9. c3 Qg6 10. d4 exd4 11. e5 dxe5 12. cxd4 Bxd4 13. Nc3 Rd8 14. Qf3 h6 15. Nge4 Nxe4 16. Qxe4 Qxe4 17. Nxe4 Be6 18. Bxe6 Kxe6 19. Be3 Kd5 20. Ng3 Ne7 21. Rfe1 Ng6 22. Nf5 c5 23. Nxg7 Rd7 24. Nh5 Rf7 25. Rad1 Rg8 26. Re2 Nh4 27. Ng3 h5 28. Rde1 Nxg2 29. Kxg2 h4 30. Bxd4 1/2-1/2

[Event "Corr"]
[Site "?"]
[Date "2002.06.15"]
[Round "?"]
[White "Larsen Soeren M.(DEN)"]
[Black "Tinture Laurent"]
[Result "1-0"]
[WhiteElo "2324"]
[BlackElo "2396"]
[PlyCount "89"]
[EventDate "2002.??.??"]
[Source "www.chesslib.no"]
[SourceDate "2004.05.04"]

1. e4 e5 2. Nf3 Nc6 3. Bc4 Nf6 4. Ng5 Bc5 5. Bxf7+ Ke7 6. Bb3 d6 7. d3 Rf8 8. Be3 Bg4 9. Qd2 Nd4 10. h3 Bd7 11. Bxd4 Bxd4 12. c3 Bb6 13. Nf3 Ke8 14. Qe2 Nh5 15. g3 g6 16. Nbd2 a5 17. Nf1 a4 18. Bd5 c6 19. Bc4 Ba7 20. a3 b5 21. Ba2 Qf6 22. N1d2 Kd8 23. O-O-O Kc7 24. Rdf1 Bb6 25. Rh2 Ng7 26. Ne1 Kb7 27. Ng2 Qg5 28. Kc2 Nh5 29. Ne1 Rae8 30. Nef3 Qf6 31. Kb1 Ng7 32. Ne1 Ne6 33. h4 Ng7 34. Nc2 Nh5 35. Ne3 Kc7 36. c4 bxc4 37. Ndxc4 Bc5 38. Rc1 Ra8 39. Qd2 Rfb8 40. f4 exf4 41. gxf4 Qxf4 42. Rf1 Qg3 43. d4 Bxd4 44. Qxd4 Qxh2 45. e5 1-0

[Event "Budapest FS11 IM"]
[Site "Budapest"]
[Date "1996.??.??"]
[Round "13"]
[White "Jamrich, Gyorgy"]
[Black "Dudas, Jan"]
[Result "0-1"]
[WhiteElo "2295"]
[BlackElo "2395"]
[PlyCount "42"]
[EventDate "1996.11.??"]
[Source "www.chesslib.no"]
[SourceDate "2004.05.04"]

1. e4 e5 2. Nf3 Nc6 3. Bc4 Nf6 4. Ng5 Bc5 5. Nxf7 Bxf2+ 6. Kf1 Qe7 7. Nxh8 d5 8. Bxd5 Bg4 9. Kxf2 Bxd1 10. Rxd1 Nxd5 11. exd5 Qh4+ 12. Kg1 Nd4 13. Na3 Ke7 14. d3 Ne2+ 15. Kh1 Rxh8 16. Be3 g6 17. Nc4 Rf8 18. Rf1 Rxf1+ 19. Rxf1 Ng3+ 20. Kg1 Nxf1 21. Kxf1 Qxh2 0-1

[Event "Corr"]
[Site "?"]
[Date "2002.02.25"]
[Round "?"]
[White "Marcotulli Giancarlo"]
[Black "Derouineau Jacques"]
[Result "1-0"]
[WhiteElo "2289"]
[BlackElo "2367"]
[PlyCount "79"]
[EventDate "2002.??.??"]
[Source "www.chesslib.no"]
[SourceDate "2004.05.04"]

1. e4 e5 2. Nf3 Nc6 3. Bc4 Nf6 4. Ng5 Bc5 5. Bxf7+ Ke7 6. Bd5 Rf8 7. O-O d6 8. h3 Qe8 9. c3 Qg6 10. d4 Bb6 11. a4 a5 12. Na3 exd4 13. Nc4 dxc3 14. Bxc6 bxc6 15. e5 Nd5 16. exd6+ Kd8 17. bxc3 h6 18. d7 Bxd7 19. Ne5 Qf5 20. Nxd7 Kxd7 21. Nf3 Kc8 22. Bd2 Nf6 23. Re1 Ne4 24. Be3 Nxc3 25. Qc1 Qf6 26. Bd2 Nd5 27. Qc4 Qd6 28. Rab1 g5 29. Rb3 Nf4 30. Re5 Nd5 31. Qe2 Rb8 32. Re6 Qc5 33. Be3 Nxe3 34. Qa6+ Kd7 35. Rbxe3 Ra8 36. Qf1 Qd5 37. R6e5 Qa2 38. Qd1+ Kc8 39. Re2 Qxa4 40. Qxa4 1-0

[Event "Corr"]
[Site "?"]
[Date "2001.10.25"]
[Round "?"]
[White "Ohtake Sakae (JPN)"]
[Black "Ryvova Mrs.Anna (CZE)"]
[Result "1/2-1/2"]
[WhiteElo "2398"]
[BlackElo "2256"]
[PlyCount "115"]
[EventDate "2001.??.??"]
[Source "www.chesslib.no"]
[SourceDate "2004.05.04"]

1. e4 e5 2. Nf3 Nc6 3. Bc4 Nf6 4. Ng5 Bc5 5. Bxf7+ Ke7 6. Bb3 Rf8 7. d3 d6 8. Be3 Bxe3 9. fxe3 Qe8 10. Nc3 Qg6 11. Nf3 Na5 12. Ba4 a6 13. b4 Nc6 14. Bxc6 bxc6 15. Qe2 Bg4 16. Kd2 Kf7 17. h3 Be6 18. Raf1 Kg8 19. Nh4 Qe8 20. g4 a5 21. bxa5 Rxa5 22. a4 c5 23. Qe1 c4 24. Qb1 cxd3 25. cxd3 Qa8 26. Qc2 Nd7 27. Rxf8+ Qxf8 28. Ke2 Nc5 29. Rf1 Qe8 30. Rb1 Ra8 31. Rb4 Qf8 32. Qb1 Bc8 33. Nf3 Ba6 34. Ne1 h6 35. Nd5 Qd8 36. Kd1 Kh7 37. Qc2 c6 38. Nb6 Ra7 39. Nc4 Qf8 40. g5 Rf7 41. Nd2 Rf2 42. gxh6 Rh2 43. hxg7 Kxg7 44. Rb6 Qe8 45. Kc1 Rh1 46. Nf1 Qg6 47. Qe2 Rg1 48. Rxc6 Qf6 49. Rxa6 Rxf1 50. Rxd6 Rxe1+ 51. Qxe1 Qxd6 52. Qg3+ Kf7 53. d4 Nxa4 54. Qxe5 Qxe5 55. dxe5 Nc5 56. h4 Nxe4 57. Kc2 Ke6 58. h5 1/2-1/2

[Event "Reggio Emilia 7576"]
[Site "Reggio Emilia ITA"]
[Date "1975.??.??"]
[Round "1"]
[White "Paoli, Enrico"]
[Black "Schneider, Lars-Ake"]
[Result "1-0"]
[WhiteElo "2270"]
[BlackElo "2380"]
[PlyCount "47"]
[EventDate "1975.12.??"]
[Source "www.chesslib.no"]
[SourceDate "2004.05.04"]

1. e4 e5 2. Nf3 Nc6 3. Bc4 Nf6 4. Ng5 Bc5 5. Bxf7+ Ke7 6. Bd5 d6 7. c3 Qe8 8. d4 exd4 9. Bxc6 Qxc6 10. O-O dxc3 11. Nxc3 Bg4 12. Qb3 Raf8 13. Nd5+ Nxd5 14. exd5 Qb6 15. Qg3 Bf5 16. Ne6 Bxe6 17. Qxg7+ Bf7 18. Qg5+ Ke8 19. Re1+ Be6 20. Rxe6+ Kd7 21. Qg4 Bxf2+ 22. Kh1 h5 23. Re7+ Kxe7 24. Qe6+ 1-0

[Event "Corr"]
[Site "?"]
[Date "2003.05.10"]
[Round "?"]
[White "Benko Bostjan (SLO)"]
[Black "Castillo German (VEN)"]
[Result "1/2-1/2"]
[WhiteElo "2329"]
[BlackElo "2316"]
[PlyCount "52"]
[EventDate "2003.??.??"]
[Source "www.chesslib.no"]
[SourceDate "2004.05.04"]

1. e4 e5 2. Nf3 Nc6 3. Bc4 Nf6 4. Ng5 Bc5 5. Bxf7+ Ke7 6. Bd5 Qe8 7. d3 Rf8 8. O-O d6 9. c3 Bg4 10. Qb3 Rb8 11. h3 Be2 12. Re1 Bxd3 13. Ne6 Bxf2+ 14. Kxf2 Nxd5+ 15. Nxf8 Qf7+ 16. Kg1 Rxf8 17. exd5 Qf2+ 18. Kh2 Qxe1 19. Qxb7 Qxc1 20. Qxc7+ Ke8 21. dxc6 Qf4+ 22. Kh1 Qf1+ 23. Kh2 Qf4+ 24. Kh1 Qf1+ 25. Kh2 Qf4+ 26. Kh1 Qf1+ 1/2-1/2

[Event "Capablanca mem-B 13th"]
[Site "Cienfuegos City CUB"]
[Date "1976.05.23"]
[Round "7"]
[White "Durao, Joaquim"]
[Black "Garcia, Wilfredo"]
[Result "1/2-1/2"]
[WhiteElo "2325"]
[BlackElo "2320"]
[PlyCount "51"]
[EventDate "1976.05.17"]
[Source "www.chesslib.no"]
[SourceDate "2004.05.04"]

1. e4 e5 2. Nf3 Nc6 3. Bc4 Nf6 4. Ng5 Bc5 5. Bxf7+ Ke7 6. Bb3 Rf8 7. Nc3 d6 8. O-O Qe8 9. Nd5+ Nxd5 10. exd5 Nd4 11. c3 Nxb3 12. axb3 Qg6 13. d4 Bb6 14. dxe5 Bf5 15. Ne6 Bxe6 16. exd6+ cxd6 17. Qe2 Rf6 18. Ra4 Raf8 19. Re4 Rxf2 20. Rxe6+ Kd8 21. Rxf2 Rxf2 22. Bg5+ Qxg5 23. Re8+ Kc7 24. Re7+ Kd8 25. Re8+ Kc7 26. Re7+ 1/2-1/2

[Event "1 division 2001/2002"]
[Site "?"]
[Date "2001.11.17"]
[Round "3.2"]
[White "Pilgaard Kim"]
[Black "Nielsen Tommy"]
[Result "1-0"]
[WhiteElo "2437"]
[BlackElo "2208"]
[PlyCount "49"]
[EventDate "2001.??.??"]
[Source "www.chesslib.no"]
[SourceDate "2004.05.04"]

1. e4 e5 2. Nf3 Nc6 3. Bc4 Nf6 4. Ng5 Bc5 5. Bxf7+ Ke7 6. Bd5 d6 7. c3 Qe8 8. O-O Bg4 9. Qb3 Na5 10. Qc2 Qg6 11. d3 Rhf8 12. b4 h6 13. Bf7 Rxf7 14. Nxf7 Kxf7 15. Kh1 Be6 16. bxc5 dxc5 17. f4 exf4 18. Bxf4 Kg8 19. Bxc7 Nc6 20. Nd2 Ng4 21. Rae1 Rc8 22. Bg3 Rd8 23. Nf3 Qh5 24. h3 Nf6 25. Bh2 1-0

[Event "Corr"]
[Site "?"]
[Date "1989.08.01"]
[Round "?"]
[White "Chouinard Sylvain (CAN)"]
[Black "Burgess Rex E.(AUS)"]
[Result "0-1"]
[WhiteElo "2445"]
[BlackElo "2195"]
[PlyCount "60"]
[EventDate "1989.??.??"]
[Source "www.chesslib.no"]
[SourceDate "2004.05.04"]

1. e4 e5 2. Nf3 Nc6 3. Bc4 Nf6 4. Ng5 Bc5 5. Bxf7+ Ke7 6. Bd5 d6 7. c3 Qe8 8. d4 exd4 9. Bxc6 Qxc6 10. O-O dxc3 11. Nxc3 h6 12. Nd5+ Kf8 13. Nf3 Nxd5 14. exd5 Qe8 15. Nh4 Qe4 16. Bf4 Kf7 17. Bg3 Re8 18. Qh5+ Kg8 19. h3 Bd7 20. Kh2 Bb5 21. Rfe1 Qxe1 22. Rxe1 Rxe1 23. Qg6 Bd7 24. Qc2 Rae8 25. b4 Bb6 26. a4 a5 27. bxa5 Bxa5 28. Qb3 R1e4 29. Qxb7 Rxa4 30. Ng6 Bb6 0-1

[Event "Bled opB"]
[Site "Bled"]
[Date "1998.07.17"]
[Round "2"]
[White "Nieto, Maria Estrella"]
[Black "Contin, D."]
[Result "1-0"]
[WhiteElo "2460"]
[BlackElo "2170"]
[PlyCount "55"]
[EventDate "1998.03.21"]
[Source "www.chesslib.no"]
[SourceDate "2004.05.04"]

1. e4 e5 2. Nf3 Nc6 3. Bc4 Nf6 4. Ng5 Bc5 5. Bxf7+ Ke7 6. Bb3 Rf8 7. d3 d6 8. Be3 Bg4 9. Nf3 Qe8 10. Nbd2 Nh5 11. Bg5+ Kd7 12. Ba4 Bxf3 13. Nxf3 Qg6 14. O-O Rae8 15. Be3 Nf4 16. g3 Re6 17. Kh1 Bxe3 18. fxe3 Nh5 19. Qe2 Ref6 20. g4 Kd8 21. Qg2 Ne7 22. gxh5 Qxh5 23. Ng5 Rxf1+ 24. Rxf1 Rxf1+ 25. Qxf1 b5 26. Ne6+ Kd7 27. Bb3 g5 28. Ng7 1-0

[Event "Korinthos op"]
[Site "Korinthos"]
[Date "1997.??.??"]
[Round "2"]
[White "Passakos, Georgios"]
[Black "Cela, Altin"]
[Result "1-0"]
[WhiteElo "2165"]
[BlackElo "2450"]
[PlyCount "47"]
[EventDate "1997.??.??"]
[Source "www.chesslib.no"]
[SourceDate "2004.05.04"]

1. e4 e5 2. Nf3 Nc6 3. Bc4 Nf6 4. Ng5 Bc5 5. Bxf7+ Ke7 6. Bd5 Qe8 7. c3 Rf8 8. d4 exd4 9. O-O dxc3 10. Nxc3 Ne5 11. Na4 Bb6 12. Nxb6 axb6 13. f4 Nc6 14. Bc4 Qh5 15. Be2 Qh6 16. f5 Ra5 17. b4 Nxb4 18. Ne6 dxe6 19. Bxh6 gxh6 20. Qc1 Nc6 21. Qxh6 Ne5 22. Bh5 Rg8 23. fxe6 Ng6 24. Rxf6 1-0

[Event "Rijeka IM-2"]
[Site "Rijeka"]
[Date "2001.??.??"]
[Round "4"]
[White "Malada, Vinko"]
[Black "Doric, Nenad"]
[Result "0-1"]
[WhiteElo "2249"]
[BlackElo "2363"]
[PlyCount "54"]
[EventDate "2001.??.??"]
[Source "www.chesslib.no"]
[SourceDate "2004.05.04"]

1. e4 e5 2. Nf3 Nc6 3. Bc4 Nf6 4. Ng5 Bc5 5. Nxf7 Bxf2+ 6. Kf1 Qe7 7. Nxh8 d5 8. exd5 Nd4 9. c3 Bg4 10. Qa4+ Nd7 11. Kxf2 Qh4+ 12. g3 Qf6+ 13. Ke1 Qf3 14. Rf1 Qe4+ 15. Kf2 O-O-O 16. cxd4 Rf8+ 17. Kg1 Qxd4+ 18. Kg2 Qe4+ 19. Kg1 Rxf1+ 20. Bxf1 Qxa4 21. Nc3 Qd4+ 22. Kg2 e4 23. Be2 Bxe2 24. Nxe2 Qd3 25. Nf4 Qf3+ 26. Kh3 g5 27. Ne6 h5 0-1

[Event "NRW-Niedersachsen"]
[Site "Niedersachsen"]
[Date "1994.??.??"]
[Round "?"]
[White "Michalczak, Thomas"]
[Black "Schwekendiek, Ulrich"]
[Result "1/2-1/2"]
[WhiteElo "2290"]
[BlackElo "2310"]
[PlyCount "114"]
[EventDate "1994.??.??"]
[Source "www.chesslib.no"]
[SourceDate "2004.05.04"]

1. e4 e5 2. Nf3 Nc6 3. Bc4 Nf6 4. Ng5 Bc5 5. Bxf7+ Ke7 6. Bd5 Rf8 7. Nf3 Qe8 8. c3 d6 9. d4 Bb6 10. h3 Qh5 11. Be3 exd4 12. cxd4 Nxd5 13. exd5 Qxd5 14. Nc3 Qc4 15. Qd2 Nb4 16. b3 Qa6 17. O-O-O Bf5 18. Ne1 Ba5 19. g4 Qc6 20. gxf5 Qxh1 21. Qe2 Rxf5 22. d5 Nxd5 23. Nxd5+ Rxd5 24. Bg5+ Kd7 25. Qg4+ Kc6 26. Nd3 Qxd1+ 27. Kxd1 Rxd3+ 28. Kc2 Rd5 29. Be3 b5 30. Qxg7 h5 31. Qf7 Bb6 32. Bd2 a5 33. f4 a4 34. b4 Bd4 35. f5 Re5 36. Qxh5 Rf8 37. Qf3+ Kd7 38. f6 Re6 39. Qd3 Bxf6 40. Qxb5+ Ke7 41. Qxa4 d5 42. b5 Rd8 43. Qa7 Rd7 44. a4 d4 45. Kd3 Re5 46. Qb7 Rh5 47. a5 Rxh3+ 48. Kc4 Rh2 49. Kd3 Rh3+ 50. Kc4 Rh2 51. Bb4+ Ke8 52. Qc8+ Bd8 53. a6 d3 54. a7 Rh4+ 55. Kc3 d2 56. Qxd7+ Kxd7 57. a8=Q d1=Q 1/2-1/2

[Event "GRC Ch G-16"]
[Site "GRC-ch G-16"]
[Date "1994.??.??"]
[Round "1"]
[White "Fatourou, E."]
[Black "Manoli, F."]
[Result "1-0"]
[WhiteElo "1805"]
[BlackElo "2785"]
[PlyCount "79"]
[EventDate "1994.??.??"]
[Source "www.chesslib.no"]
[SourceDate "2004.05.04"]

1. e4 e5 2. Nf3 Nc6 3. Bc4 Nf6 4. Ng5 Bc5 5. Bxf7+ Ke7 6. Bd5 Rf8 7. O-O d6 8. c3 h6 9. d4 exd4 10. Bxc6 bxc6 11. cxd4 Bb6 12. Nf3 Bg4 13. Nbd2 Bxd4 14. Nxd4 Bxd1 15. Nxc6+ Kd7 16. Nxd8 Be2 17. Re1 Ba6 18. b3 Raxd8 19. Bb2 Rde8 20. f3 Re6 21. Nc4 Rfe8 22. Rad1 Kc8 23. Ne3 g6 24. Rc1 Bb7 25. Red1 h5 26. Nc4 Kb8 27. Na5 Nd7 28. Nxb7 Kxb7 29. Rc2 c6 30. Rcd2 Kc7 31. Ba3 c5 32. b4 Kc6 33. bxc5 Nxc5 34. Rc2 Rc8 35. Bxc5 dxc5 36. Rxc5+ Kxc5 37. Rc1+ Kd4 38. Rxc8 Re5 39. Kf2 g5 40. Rd8+ 1-0

[Event "Villeurbanne (3eme trophee des maitres)"]
[Site "?"]
[Date "2004.09.17"]
[Round "1"]
[White "Ravot Sylvain"]
[Black "Gervasio Ricardo"]
[Result "1-0"]
[WhiteElo "2261"]
[BlackElo "2317"]
[PlyCount "53"]
[EventDate "2004.??.??"]
[Source "www.chesslib.no"]
[SourceDate "2004.05.04"]

1. e4 Nc6 2. Nf3 e5 3. Bc4 Nf6 4. Ng5 Bc5 5. Bxf7+ Ke7 6. Bb3 Rf8 7. d3 d5 8. exd5 Nd4 9. Nc3 Bg4 10. f3 Bh5 11. Ne6 Nxe6 12. dxe6 Qd4 13. Qe2 a5 14. a3 a4 15. Nxa4 Rxa4 16. c3 Qh4+ 17. g3 Qh3 18. Bxa4 h6 19. Be3 Bd6 20. O-O-O Qxe6 21. Rhf1 Bf7 22. Bc2 Nd5 23. Bd2 Ra8 24. c4 Nf6 25. Bc3 b5 26. c5 Bxc5 27. Qxe5 1-0

[Event "Helsinki SKF Open"]
[Site "Helsinki FIN"]
[Date "1990.??.??"]
[Round "?"]
[White "Havansi, Erkki ET"]
[Black "Pirttimaki, Timo"]
[Result "1-0"]
[WhiteElo "2275"]
[BlackElo "2295"]
[PlyCount "65"]
[EventDate "1990.??.??"]
[Source "www.chesslib.no"]
[SourceDate "2004.05.04"]

1. e4 e5 2. Nf3 Nc6 3. Bc4 Nf6 4. Ng5 Bc5 5. Bxf7+ Ke7 6. Bd5 Qe8 7. O-O d6 8. c3 h6 9. Nf3 Bg4 10. d4 Bb6 11. Bxc6 bxc6 12. Qd3 Qh5 13. Nbd2 Nh7 14. b3 Ng5 15. dxe5 Nxf3+ 16. Nxf3 dxe5 17. Ba3+ Kf6 18. h3 Bxf3 19. Qxf3+ Qxf3 20. gxf3 Rad8 21. Rad1 c5 22. Rfe1 Rd6 23. Kf1 Rhd8 24. Ke2 Rxd1 25. Rxd1 Rxd1 26. Kxd1 Kg5 27. Ke2 Kh4 28. c4 c6 29. Bb2 Bc7 30. f4 Kxh3 31. Bxe5 Bd8 32. Bxg7 h5 33. Kf3 1-0